01014nam a22002654a 4500001001000000005001700010006001900027007000300046008004100049017001700090020001800107040001400125041000800139043000800147082001500155100002700170245006400197260004500261300002700306505030200333650003300635650003200668650003100700700001700731PE-BaUNAB20260701155550.0a||||gr|||| 001 0 ta t pe gr 00| 0 spa d aB.4.120-2021 a9788491139324 aPE-BaUNAB aspa cper a21 001.42  aPolgar, StepheneAutor aIntroducción a la investigación en ciencias de la salud aBarcelona, España : bELSEVIER,c2021. a214 Páginasc23.5 cm aI. Fundamentos metodológicos de investigación sanitaria 2. Planificación de la investigación 3. Diseños de investigación 4. Recopilación de datos 5. Estadística descriptiva 6. Análisis de datos e inferencia 7. Evaluación y divulgación de los resultados de las investigaciones aMETODOS DE INVESTIGACIÓN  aINVESTIGACIÓN SANITARIA  aINVESTIGACIÓN OPERATIVA  aShane Thomas